[Event "Morbihan-ch 0506"]
[Site "Arradon"]
[Date "2006.02.11"]
[Round "5"]
[White "Le Coz, Yannick"]
[Black "Georget, Patrice"]
[Result "0-1"]
[WhiteElo "1837"]
[BlackElo "1480"]
[PlyCount "96"]
[EventDate "2005.10.01"]
[EventType "swiss"]
[EventRounds "7"]
[EventCountry "FRA"]
[SourceTitle "EXT 2007"]
[Source "ChessBase"]
[SourceDate "2006.11.23"]
[SourceVersion "1"]
[SourceVersionDate "2006.11.23"]
[SourceQuality "1"]

1. e4 c5 2. f4 Nc6 3. Nf3 d6 4. Bc4 Bg4 5. h3 Bxf3 6. Qxf3 e6 7. 0-0 Nge7 8. Qh5 d5 9. exd5 exd5 10. Bb5 a6 11. Bd3 c4 12. Bxh7 g6 13. Qh4 Nf5 14. Qxd8+ Rxd8 15. Re1+ Kd7 16. Bxg6 fxg6 17. c3 Re8 18. Rxe8 Kxe8 19. b3 Bc5+ 20. Kh2 Bd6 21. d3 cxd3 22. g4 Nh6 23. Kg2 Kf7 24. Be3 Re8 25. Kf3 Ng8 26. Nd2 Nf6 27. Rd1 Ne4 28. Nb1 d2 29. Bxd2 Nxd2+ 30. Nxd2 Ke6 31. Rh1 Rf8 32. f5+ gxf5 33. g5 Ne5+ 34. Kf2 Be7 35. h4 Rh8 36. Kg2 f4 37. Rh3 Kf5 38. Nf1 a5 39. a4 Bc5 40. Nh2 Be3 41. Nf3 Nxf3 42. Kxf3 Rc8 43. Rh1 Rxc3 44. Rd1 d4 45. Rh1 Rc2 46. Rf1 d3 47. h5 Kxg5 48. Rh1 Kh6 0-1

[Event "Morbihan-ch 0506"]
[Site "Arradon"]
[Date "2006.01.07"]
[Round "4"]
[White "Georget, Patrice"]
[Black "Peyre, Camille"]
[Result "0-1"]
[WhiteElo "1480"]
[BlackElo "1870"]
[PlyCount "104"]
[EventDate "2005.10.01"]
[EventType "swiss"]
[EventRounds "7"]
[EventCountry "FRA"]
[SourceTitle "EXT 2007"]
[Source "ChessBase"]
[SourceDate "2006.11.23"]
[SourceVersion "1"]
[SourceVersionDate "2006.11.23"]
[SourceQuality "1"]

1. Nf3 Nf6 2. g3 g6 3. Bg2 Bg7 4. 0-0 Nc6 5. d4 d5 6. c3 Bf5 7. Qb3 Rb8 8. Nh4 Bg4 9. f3 Be6 10. f4 Bg4 11. Re1 Qd7 12. Nd2 Bh3 13. Bf3 Bg4 14. Bg2 Bh3 15. Bf3 Be6 16. Bg2 h6 17. Qc2 Bf5 18. Nxf5 gxf5 19. Nf3 Ne4 20. Bh3 e6 21. e3 Rg8 22. Re2 Bf6 23. Kh1 Ke7 24. b3 Ke8 25. Ba3 Be7 26. b4 a5 27. Ne5 Nxe5 28. dxe5 Ra8 29. Bg2 Qc6 30. Bxe4 fxe4 31. Rb1 Qc4 32. Kg2 Rg7 33. Kf2 c6 34. Rb3 axb4 35. Bxb4 Bxb4 36. Rxb4 Qa6 37. Qb3 b5 38. Rd4 Kd7 39. Qb4 Qa3 40. Red2 c5 41. Qxb5+ Kc7 42. Rb2 cxd4 43. Qb7+ Kd8 44. Qb6+ Ke8 45. Qc6+ Kf8 46. Qb7 dxe3+ 47. Ke2 Qa6+ 48. Qxa6 Rxa6 49. Kxe3 Ke7 50. Kd4 Kd7 51. Kc5 Rc6+ 52. Kb4 Rb6+ 0-1

[Event "Morbihan-ch 0405"]
[Site "Arradon"]
[Date "2005.04.09"]
[Round "7"]
[White "Georget, Patrice"]
[Black "Audren, Jean"]
[Result "1-0"]
[WhiteElo "1520"]
[BlackElo "1550"]
[PlyCount "103"]
[EventDate "2004.10.10"]
[EventType "swiss"]
[EventRounds "7"]
[EventCountry "FRA"]
[SourceTitle "EXT 2007"]
[Source "ChessBase"]
[SourceDate "2006.11.23"]
[SourceVersion "1"]
[SourceVersionDate "2006.11.23"]
[SourceQuality "1"]

1. d4 e6 2. c4 Nf6 3. Nc3 b6 4. Bg5 Be7 5. e4 h6 6. Bxf6 Bxf6 7. e5 Be7 8. Qf3 c6 9. Bd3 Bb7 10. Be4 d5 11. cxd5 cxd5 12. Bd3 a6 13. Nge2 Nc6 14. 0-0 0-0 15. a3 b5 16. b4 Qb6 17. Qe3 Bg5 18. f4 Be7 19. Rf3 f6 20. Rg3 fxe5 21. Rg6 Nxd4 22. Kh1 Rf6 23. Rxf6 Bxf6 24. fxe5 Bg5 25. Qxd4 Qxd4 26. Nxd4 Rc8 27. Nce2 Re8 28. Bg6 Re7 29. Rf1 Ba8 30. Nf3 Be3 31. h4 Rc7 32. Nfd4 Rc4 33. Nf3 d4 34. Kh2 Bxf3 35. Rxf3 Rc7 36. h5 Rc8 37. Nf4 Rc1 38. Nxe6 Bg1+ 39. Kg3 Rc8 40. Rd3 Rc3 41. Kf3 Bh2 42. Ke4 Rxd3 43. Kxd3 Bxe5 44. Nxd4 Kf8 45. Ne6+ Ke7 46. Nc5 Bb2 47. Nxa6 Bxa3 48. Kd4 Kd6 49. Kc3 Bc1 50. Nc5 Be3 51. Nb3 Kd5 52. Be8 1-0

[Event "Morbihan-ch 0405"]
[Site "Arradon"]
[Date "2005.03.26"]
[Round "6"]
[White "Stephan, Victor"]
[Black "Georget, Patrice"]
[Result "1-0"]
[WhiteElo "1780"]
[BlackElo "1520"]
[PlyCount "37"]
[EventDate "2004.10.10"]
[EventType "swiss"]
[EventRounds "7"]
[EventCountry "FRA"]
[SourceTitle "EXT 2007"]
[Source "ChessBase"]
[SourceDate "2006.11.23"]
[SourceVersion "1"]
[SourceVersionDate "2006.11.23"]
[SourceQuality "1"]

1. d4 Nf6 2. Nf3 d5 3. c4 e6 4. Bg5 Be7 5. Nc3 0-0 6. e3 c5 7. Qb3 Nc6 8. cxd5 Na5 9. Qc2 cxd4 10. Nxd4 exd5 11. Rd1 Bg4 12. Be2 Bxe2 13. Ndxe2 Rc8 14. Nf4 Bb4 15. Nfxd5 Bxc3+ 16. bxc3 Qe8 17. Bxf6 Rc5 18. Be7 Rxd5 19. Rxd5 1-0

[Event "Morbihan-ch 0304"]
[Site "Morbihan"]
[Date "2003.12.13"]
[Round "3"]
[White "Georget, Patrice"]
[Black "Peyre, Camille"]
[Result "0-1"]
[WhiteElo "1560"]
[BlackElo "1470"]
[PlyCount "78"]
[EventDate "2003.10.??"]
[EventType "swiss"]
[EventRounds "7"]
[EventCountry "FRA"]
[SourceTitle "EXT 2005"]
[Source "ChessBase"]
[SourceDate "2004.11.15"]
[SourceVersion "1"]
[SourceVersionDate "2004.11.15"]
[SourceQuality "1"]

1. d4 d5 2. c4 e6 3. Nf3 Nf6 4. Nc3 c6 5. e3 Be7 6. Bd3 Nbd7 7. 0-0 0-0 8. cxd5 exd5 9. Qc2 Re8 10. e4 dxe4 11. Nxe4 Nxe4 12. Bxe4 Nf6 13. Bd3 h6 14. h3 Nd5 15. a3 Bd6 16. Bd2 Qf6 17. Ne5 Qh4 18. Bf5 Qxd4 19. Bh7+ Kf8 20. Ng6+ fxg6 21. Qxg6 Qf6 22. Qd3 Qe5 23. Qg3 Nf6 24. Bc3 Qxg3 25. fxg3 Be5 26. Bb4+ Kf7 27. Bc2 Be6 28. Rae1 Bxg3 29. Re3 Bc7 30. Bc3 Bb6 31. Rff3 Bxe3+ 32. Rxe3 Rad8 33. Rg3 Bd5 34. Bg6+ Kf8 35. Bxe8 Rxe8 36. Bb4+ Kf7 37. Bc3 Re2 38. Kf1 Re8 39. Rd3 Bc4 0-1

[Event "Morbihan-ch 0304"]
[Site "Morbihan"]
[Date "2003.11.08"]
[Round "2"]
[White "Loizil, Joel"]
[Black "Georget, Patrice"]
[Result "1-0"]
[WhiteElo "1730"]
[BlackElo "1560"]
[PlyCount "91"]
[EventDate "2003.10.??"]
[EventType "swiss"]
[EventRounds "7"]
[EventCountry "FRA"]
[SourceTitle "EXT 2005"]
[Source "ChessBase"]
[SourceDate "2004.11.15"]
[SourceVersion "1"]
[SourceVersionDate "2004.11.15"]
[SourceQuality "1"]

1. d4 Nf6 2. c4 g6 3. Nf3 d6 4. e3 Bg7 5. Nc3 0-0 6. Be2 Nbd7 7. 0-0 Re8 8. Qc2 e5 9. Rd1 exd4 10. Nxd4 Ne5 11. e4 Bd7 12. f3 a6 13. Be3 Nc6 14. Nd5 Nxd5 15. cxd5 Ne5 16. Rac1 Rc8 17. b4 c6 18. dxc6 Nxc6 19. Qd2 Nxd4 20. Bxd4 Rxc1 21. Rxc1 Be5 22. f4 Bxd4+ 23. Qxd4 Bc6 24. Bf3 Qe7 25. Re1 f5 26. Bd1 Qd7 27. Bb3+ d5 28. e5 Qe6 29. a4 Qd7 30. b5 axb5 31. axb5 Bxb5 32. Qxd5+ Qxd5 33. Bxd5+ Kg7 34. Bxb7 Bd3 35. Rd1 Be4 36. Rd7+ Kh6 37. Bd5 Bd3 38. Bf7 Rf8 39. e6 Bb5 40. Rb7 Be8 41. Rb8 Bxf7 42. Rxf8 Bxe6 43. Re8 Bd5 44. Re7 Bg8 45. Kf2 Kh5 46. Rg7 1-0

[Event "Morbihan-ch 0102"]
[Site "Morbihan"]
[Date "2002.03.02"]
[Round "5"]
[White "Georget, Patrice"]
[Black "Le Coz, Yannick"]
[Result "0-1"]
[WhiteElo "1499"]
[BlackElo "1610"]
[PlyCount "104"]
[EventDate "2001.10.20"]
[EventType "swiss"]
[EventRounds "7"]
[EventCountry "FRA"]
[SourceTitle "EXT 2005"]
[Source "ChessBase"]
[SourceDate "2004.11.15"]
[SourceVersion "1"]
[SourceVersionDate "2004.11.15"]
[SourceQuality "1"]

1. d4 d5 2. c4 dxc4 3. Nf3 Nf6 4. e3 c5 5. Bxc4 a6 6. a4 b6 7. 0-0 Bb7 8. Nbd2 Nc6 9. Nb3 e6 10. Qe2 Be7 11. Rd1 Qc7 12. Bd2 0-0 13. Bd3 Rad8 14. Bxa6 Ba8 15. Rac1 Nb8 16. Bb5 Bd6 17. dxc5 bxc5 18. Ba5 Bxf3 19. Qxf3 Bxh2+ 20. Kh1 Rxd1+ 21. Qxd1 Qd6 22. Qxd6 Bxd6 23. Nxc5 Bxc5 24. Rxc5 Nbd7 25. Bxd7 Nxd7 26. Rb5 Ra8 27. b3 Kf8 28. Bc3 f6 29. f4 Ke8 30. g4 Rb8 31. Rxb8+ Nxb8 32. Kg2 Kd7 33. Kf3 Kc6 34. b4 Kd5 35. Bd4 Kc4 36. Bc5 g6 37. Ke4 Nc6 38. a5 Nxa5 39. Be7 f5+ 40. gxf5 exf5+ 41. Kf3 Nc6 42. Bf8 Nxb4 43. Bxb4 Kxb4 44. e4 Kc4 45. e5 Kd5 46. Kg3 Ke6 47. Kh4 h6 48. Kg3 g5 49. Kf3 gxf4 50. Kxf4 h5 51. Kg5 Kxe5 52. Kxh5 f4 0-1